00000000nam 2200000zi 4500
0019.939560
003CaOODSP
00520250120110427
006m     o  d f      
007cr |n|||||||||
008240620e198203  onca    ob   f000 0|eng d
040 |aCaOODSP|beng|erda|cCaOODSP
043 |an-cn---
0861 |aCo26-33/1982E-PDF
1001 |aKaye, Roger, |eauthor.
24510|aSurvey of university research activities in office automation / |cby Roger Kaye.
264 1|aOttawa : |bGovernment of Canada, Department of Communications = Gouvernement du Canada, Ministère des Communications, |cMarch 1982.
300 |a1 online resource (98 pages) : |billustrations
336 |atext|btxt|2rdacontent
337 |acomputer|bc|2rdamedia
338 |aonline resource|bcr|2rdacarrier
500 |aDigitized edition from print [produced by Innovation, Science and Economic Development Canada].
500 |aIssued also in French under title: Étude sur la recherche universitaire en bureautique.
500 |a"DSS Contract No. 05081-00342."
504 |aIncludes bibliographical references.
650 0|aOffice practice|xAutomation|xResearch|zCanada.
7101 |aCanada. |bDepartment of Communications, |eissuing body.
77508|tÉtude sur la recherche universitaire en bureautique / |w(CaOODSP)9.947117
85640|qPDF|s2.37 MB|uhttps://publications.gc.ca/collections/collection_2025/isde-ised/co26/Co26-33-1982-eng.pdf